000 00681nam a2200205 a 4500
005 20250222063753.0
008 991125s1943 mx 000 0 spa u
035 _aUPN01000001168
049 _aSEP
050 4 _aLB2822.5
_bG3.2
100 1 _aGarcía Ruiz, Ramón,
_d1908-1995
_930394
245 1 0 _aAgenda del supervisor escolar /
_cpor Ramón García Ruiz y Eliseo Bandala Fernández.
260 _aMéxico :
_bSEP,
_c1943.
300 _a193 p.
500 _aDisponible en la Colección Medina
650 4 _aEscuelas
_xDirección y organización
_9346
650 4 _aSupervisión escolar
_94835
700 1 _aBandala Fernández, Eliseo,
_d1899-1968
_ecoaut.
_934537
905 _aLibro
999 _c1168
_d1168